Az edzők érzelmi intelligenciájának összefüggése sportolóik sikerességével

Bibliographic Details
Main Author: Moldován-Horváth Katinka
Other Authors: Göndör András
Format: Thesis
Kulcsszavak:Érzelmi intelligencia
Sport
sikeresség
Online Access:http://dolgozattar.uni-bge.hu/12140

MARC

LEADER 00000nta a2200000 i 4500
001 dolg12140
005 20170518104959.0
008 170518suuuu hu om 000 hun d
040 |a BGE Dolgozattár Repozitórium  |b hun 
041 |a hu 
100 1 |a Moldován-Horváth Katinka 
245 1 3 |a Az edzők érzelmi intelligenciájának összefüggése sportolóik sikerességével  |c Moldován-Horváth Katinka  |h [elektronikus dokumentum] 
246 1 1 |a Az edzők érzelmi intelligenciájának összefüggése sportolóik sikerességével 
246 1 1 |a Relationship between emotional intelligence of coaches with the success of their athletes 
695 |a Érzelmi intelligencia 
695 |a Sport  
695 |a sikeresség 
700 1 |a Göndör András  |e ths 
856 4 0 |u http://dolgozattar.uni-bge.hu/12140/1/SZAKDOLGOZAT%202017%20v%C3%A9gleges.pdf  |z Dokumentum-elérés 
856 4 0 |u http://dolgozattar.uni-bge.hu/12140/8/SKMBT_C25317051809330.pdf  |z Dokumentum-elérés